000 00557nam a2200205Ia 4500
008 240729s9999 xx 000 0 und d
022 _a2571-550X
245 0 _aQuaternary
260 _aSwitzerland
260 _bMDPI AG
650 _a Anthropology
650 _a Geology
650 _a Human evolution | Science
650 _a Physical anthropology. Somatology
650 _a Stratigraphy
650 _aGeography. Anthropology. Recreation
856 _uhttps://doaj.org/toc/ac2dbb5c67e14a928ed4e1964526631d
942 _2ddc
942 _cDOAJEJ
999 _c73954
_d73954
945 _a1
_bMadushi Gamage
_c1
_dMadushi Gamage